Estatísticas para Jogadores Clube Atlético Mineiro com participação a gol na Arena MRV

Clique aqui para jogar o quiz

Estatísticas Gerais

  • Esse quiz foi jogado 11 vezes
  • A pontuação média é 10 de 16

Estatísticas das Respostas

TotalGolAssist.Jogador% Correto
734Guilherme Arana
100%
18711Hulk
100%
13112Paulinho
100%
422Gustavo Scarpa
80%
532Matias Zaracho
80%
101Igor Gomes
70%
101Mariano
70%
110Maurício Lemos
70%
211Alisson
50%
211Cadu
50%
110Fuchs
50%
110Rodrigo Bataglia
50%
211Rubens
50%
110Edenilson
40%
101Pavon
30%
101Pedrinho
30%

Distribuição das Pontuações

Percentil de Números Respondidos

Porcentagem de Pessoas com Cada Pontuação

Sua Pontuação Histórica

Você não jogou esse quiz